Plantas aromáticas y medicinales : Labiadas: menta, orégano, lavanda, tomillo, romero, albahaca /

Guardado en:
Autor Principal: Curioni, Ana.
Otros Autores: Arizio, Osvaldo., García, María de las Nieves.
Formato: Libro
Idioma:Spanish
Publicado: Buenos Aires : Hemisferio Sur, 2006.
Etiquetas: Agregar Etiqueta
Sin Etiquetas, Sea el primero en etiquetar este registro!
LEADER 00684nam a22001815a 4500
001 EEA.libagro007993
005 20161116124957.0
008 130809s2006####ag#a##########000#0#spa#d
020 |a 9505045867 
082 0 4 |a 633.8 
082 0 4 |a 583.87 
100 1 |a Curioni, Ana. 
245 1 0 |a Plantas aromáticas y medicinales :  |b Labiadas: menta, orégano, lavanda, tomillo, romero, albahaca /  |c Ana Curioni y Osvaldo Arizio; con la colaboración de María de las Nieves García. 
260 |a Buenos Aires :  |b Hemisferio Sur,  |c 2006. 
300 |a 208 p. :  |b il. ;  |c 26 cm. 
700 1 |a Arizio, Osvaldo. 
700 1 |a García, María de las Nieves. 
859 |a AR-BbBCA  |b BIB. AGRONOMIA  |h 633.8  |i C975-1  |p 2008/5382